[Event "Superettan(Rockaden, Sthlm II-Lulea)"]
[Site "?"]
[Date "2024.01.20"]
[Round "5"]
[White "Bator, Robert"]
[Black "Martirosyan, Haik M"]
[Result "0-1"]
[WhiteElo "2356"]
[BlackElo "2678"]
[PlyCount "61"]
[SourceVersionDate "2024.02.04"]

1. e4 c5 2. Nf3 Nc6 3. c3 d5 4. exd5 Qxd5 5. d4 Nf6 6. Be2 cxd4 7. cxd4 e6 8.
O-O Be7 9. Nc3 Qd8 10. Bf4 O-O 11. Rc1 b6 12. Nb5 Bb7 13. Bc7 Qd5 14. Bc4 Qd7
15. Bg3 Rad8 16. a4 a6 17. Nc3 Nxd4 18. Nxd4 Qxd4 19. Qe2 Ra8 20. Rfd1 Qc5 21.
Na2 Qg5 22. h4 Qg6 23. Bd3 Be4 24. Bxa6 Nh5 25. Rc4 Bf5 26. Bb7 Nxg3 27. fxg3
Rad8 28. Qe1 h6 29. Kh2 Bd6 30. Be4 Bxe4 31. Rxe4 0-1

[Event "Superettan(Upsala-Farsta)"]
[Site "?"]
[Date "2024.01.20"]
[Round "5"]
[White "Hjelm, Niclas"]
[Black "Malm Lindberg, Henrik"]
[Result "1/2-1/2"]
[WhiteElo "2279"]
[BlackElo "2126"]
[PlyCount "82"]
[SourceVersionDate "2024.02.13"]

1. d4 Nf6 2. c4 e6 3. Nf3 Bb4+ 4. Nbd2 d5 5. e3 O-O 6. a3 Be7 7. Bd3 b6 8. O-O
Bb7 9. Qc2 Nbd7 10. b3 c5 11. cxd5 exd5 12. Bb2 Rc8 13. dxc5 Nxc5 14. Bf5 Ne6
15. Qd3 g6 16. Bh3 Ra8 17. Rfd1 a5 18. Rac1 Rc8 19. g3 Rc5 20. Nd4 Rxc1 21.
Rxc1 Nc5 22. Qc3 Re8 23. Bg2 Bd6 24. Qc2 Be5 25. N2f3 Bd6 26. Nb5 Bf8 27. h3
Bg7 28. Rd1 Nfe4 29. Nbd4 Qd7 30. Ba1 Rc8 31. Qb1 Qe7 32. Qa2 h5 33. b4 axb4
34. axb4 Ra8 35. Qc2 Ne6 36. Qb3 N6g5 37. Nxg5 Qxg5 38. Nf3 Qe7 39. Bxg7 Kxg7
40. Qb2+ f6 41. Nd4 Nd6 1/2-1/2

[Event "Superettan(Skara-SS 4 Springare)"]
[Site "?"]
[Date "2024.01.20"]
[Round "5"]
[White "Peng, Li Min"]
[Black "Djurhuus, Rune"]
[Result "1-0"]
[WhiteElo "2575"]
[BlackElo "2393"]
[PlyCount "51"]
[SourceVersionDate "2024.02.04"]

1. Nf3 Nf6 2. c4 g6 3. b3 Bg7 4. Bb2 O-O 5. g3 d6 6. d4 e5 7. dxe5 Ng4 8. Nc3
Nxe5 9. Bg2 Nxf3+ 10. Bxf3 Nc6 11. O-O Bh3 12. Re1 Qd7 13. Qd2 Rae8 14. Rad1
Rd8 15. Ne4 Qe7 16. Bh1 h6 17. f4 Bf5 18. Nc3 Qf6 19. Qc1 Rd7 20. e4 Bg4 21.
Rd2 Qe6 22. Bg2 Nd4 23. Nd5 c5 24. f5 gxf5 25. h3 Bh5 26. Nf4 1-0

[Event "Superettan(Rockaden, Sthlm II-Lulea)"]
[Site "?"]
[Date "2024.01.20"]
[Round "5"]
[White "Hermansson, Emil"]
[Black "Crevatin, Leo"]
[Result "1/2-1/2"]
[WhiteElo "2425"]
[BlackElo "2305"]
[PlyCount "46"]
[SourceVersionDate "2024.02.04"]

1. e4 c6 2. d4 d5 3. Nd2 dxe4 4. Nxe4 Bf5 5. Ng3 Bg6 6. h4 h6 7. Nf3 e6 8. Ne5
Bh7 9. Bd3 Bxd3 10. Qxd3 Nd7 11. f4 Be7 12. Bd2 Nxe5 13. fxe5 Bxh4 14. O-O-O
Bxg3 15. Qxg3 Ne7 16. Qxg7 Rg8 17. Qh7 Qd5 18. Rhf1 O-O-O 19. Rxf7 Qxa2 20. c3
Qa1+ 21. Kc2 Qa4+ 22. Kc1 Qa1+ 23. Kc2 Qa4+ 1/2-1/2

[Event "Superettan(Upsala-Farsta)"]
[Site "?"]
[Date "2024.01.20"]
[Round "5"]
[White "Fernandez, Juan Pablo"]
[Black "Jaderberg, Bjorn"]
[Result "1/2-1/2"]
[WhiteElo "2040"]
[BlackElo "2175"]
[PlyCount "114"]
[SourceVersionDate "2024.02.13"]

1. c4 e5 2. g3 d6 3. Bg2 Be7 4. Nf3 f5 5. O-O Nf6 6. d4 Nbd7 7. Nc3 c6 8. Ng5
Nf8 9. dxe5 dxe5 10. Qc2 h6 11. Rd1 Qc7 12. Nf3 Be6 13. e4 fxe4 14. Nxe4 N8d7
15. Nxf6+ Bxf6 16. Qg6+ Bf7 17. Qf5 Nc5 18. Be3 Ne6 19. Re1 c5 20. Rad1 Rd8 21.
Rd5 Nd4 22. Bxd4 Rxd5 23. cxd5 cxd4 24. Nxd4 Qd7 25. Ne6 Ke7 26. Rc1 Rc8 27.
Rxc8 Qxc8 28. d6+ Kxd6 29. Qd3+ Ke7 30. Qa3+ Kd7 31. Qa4+ Ke7 32. Qb4+ Kd7 33.
Qb5+ Ke7 34. Qb4+ Kd7 35. Nc5+ Ke8 36. Bxb7 Qc7 37. Qb5+ Ke7 38. a4 Be8 39. Qb4
Qd6 40. Bf3 Bd7 41. Qc4 Qd4 42. Qxd4 exd4 43. Nxd7 Kxd7 44. b4 d3 45. Kf1 Bc3
46. b5 Kd6 47. Be4 d2 48. Ke2 Ke5 49. Bc2 g5 50. Kd3 Ba5 51. Kc4 Kd6 52. f4
gxf4 53. gxf4 Ke6 54. Kd4 Kf6 55. Ke4 Bb6 56. Kf3 Bc7 57. Ke4 Bb6 1/2-1/2

[Event "Superettan(Skara-SS 4 Springare)"]
[Site "?"]
[Date "2024.01.20"]
[Round "5"]
[White "Jacobson, Erik"]
[Black "Miezis, Normunds"]
[Result "0-1"]
[WhiteElo "2187"]
[BlackElo "2419"]
[PlyCount "72"]
[EventDate "2024.??.??"]
[SourceVersionDate "2024.02.04"]

1. e4 c5 2. Nf3 e6 3. d4 cxd4 4. Nxd4 a6 5. Nc3 Qc7 6. Bd3 Nc6 7. Be3 Nf6 8.
O-O h5 9. h3 Nxd4 10. Bxd4 Bc5 11. Bxc5 Qxc5 12. Na4 Qc7 13. c4 d6 14. Rc1 Bd7
15. b4 Rd8 16. a3 h4 17. Nc3 Rh6 18. Qf3 Qb6 19. c5 dxc5 20. Qe3 Bc6 21. e5
Rxd3 22. Qxd3 Rg6 23. Rfd1 cxb4 24. Qd4 Qxd4 25. Rxd4 Nd7 26. axb4 Nxe5 27. Kf1
Rxg2 28. Ke2 g5 29. Ne4 Ke7 30. Rc5 f6 31. Nd6 Rg1 32. Rc3 f5 33. f4 gxf4 34.
Nc8+ Kf6 35. Rxf4 Ng6 36. Rf2 Rg3 0-1

[Event "Superettan(Rockaden, Sthlm II-Lulea)"]
[Site "?"]
[Date "2024.01.20"]
[Round "5"]
[White "Berovski, Krum"]
[Black "Marcussen, Arno"]
[Result "1-0"]
[WhiteElo "2320"]
[BlackElo "2185"]
[PlyCount "99"]
[SourceVersionDate "2024.02.04"]

1. d4 Nf6 2. c4 e6 3. Nc3 d5 4. cxd5 exd5 5. Bg5 Bb4 6. e3 Bf5 7. Qb3 Bxc3+ 8.
bxc3 Nbd7 9. Qxb7 O-O 10. Qa6 Qb8 11. Qa3 Qb6 12. Bxf6 Nxf6 13. Ba6 Rfe8 14.
Ne2 Re6 15. Ng3 Qxa6 16. Qxa6 Rxa6 17. Nxf5 Ra3 18. O-O g6 19. Ng3 Rb8 20. Rfc1
Rb2 21. c4 c6 22. cxd5 cxd5 23. Rab1 Raxa2 24. Rxb2 Rxb2 25. Ra1 Ng4 26. Nh1
Nf6 27. h3 Rb7 28. Ra5 h5 29. Ra3 h4 30. g3 hxg3 31. Nxg3 Ne4 32. Nxe4 dxe4 33.
Ra6 Kg7 34. h4 Kh6 35. Kg2 Kh5 36. Kg3 Re7 37. Ra5+ f5 38. Kf4 Kxh4 39. d5 Kh3
40. d6 Re6 41. Rd5 Re8 42. d7 Rd8 43. Rd2 Kg2 44. f3+ Kh3 45. fxe4 fxe4 46.
Kxe4 g5 47. Kf5 g4 48. Ke6 g3 49. Ke7 g2 50. Rd1 1-0

[Event "Superettan(SS 4 Springare-Farsta)"]
[Site "?"]
[Date "2024.01.19"]
[Round "4"]
[White "Lundin, Jan"]
[Black "Sivuk, Vitaly"]
[Result "0-1"]
[WhiteElo "2232"]
[BlackElo "2502"]
[PlyCount "74"]
[EventDate "2024.??.??"]
[SourceVersionDate "2024.02.03"]

1. e4 e5 2. Nf3 Nc6 3. d4 exd4 4. Nxd4 Nf6 5. Nc3 Bb4 6. Nxc6 bxc6 7. Bd3 O-O
8. O-O Re8 9. Bg5 h6 10. Bh4 Rb8 11. f4 Be7 12. Qf3 d5 13. e5 Nd7 14. Bg3 Rxb2
15. Nd1 Rb4 16. Nf2 c5 17. a3 Rb2 18. c4 Bb7 19. Rad1 d4 20. Qg4 Nf8 21. Rb1
Rb6 22. f5 Bg5 23. Ne4 Nd7 24. e6 Bxe4 25. Qxe4 Nf6 26. Qe5 Qe7 27. h4 Be3+ 28.
Kh1 fxe6 29. fxe6 Rxe6 30. Qf5 c6 31. Rf3 Ne4 32. Rbf1 Rf6 33. Qxe4 Qxe4 34.
Bxe4 Rxe4 35. Rxf6 gxf6 36. Rxf6 d3 37. Rd6 d2 0-1

[Event "Superettan(Skara-Helsingborg)"]
[Site "?"]
[Date "2024.01.19"]
[Round "4"]
[White "Beerdsen, Thomas"]
[Black "Djurhuus, Rune"]
[Result "1-0"]
[WhiteElo "2502"]
[BlackElo "2393"]
[PlyCount "43"]
[SourceVersionDate "2024.02.03"]

1. e4 e6 2. d4 d5 3. e5 c5 4. c3 Qb6 5. Nf3 Bd7 6. Bd3 Bb5 7. dxc5 Bxc5 8. b4
Bxd3 9. Qxd3 Be7 10. O-O Nd7 11. Na3 a6 12. c4 Bxb4 13. cxd5 exd5 14. Rb1 Qc5
15. Nc2 Ba5 16. Ne3 Qc3 17. Qxc3 Bxc3 18. Nxd5 Rc8 19. Rxb7 Ne7 20. Nxe7 Kxe7
21. Ba3+ Ke6 22. Ng5+ 1-0

[Event "Superettan(SS 4 Springare-Farsta)"]
[Site "?"]
[Date "2024.01.19"]
[Round "4"]
[White "Galperin, Platon"]
[Black "Livner, Anders"]
[Result "1-0"]
[WhiteElo "2556"]
[BlackElo "2283"]
[PlyCount "49"]
[SourceVersionDate "2024.02.03"]

1. e4 c6 2. d4 d5 3. Nc3 dxe4 4. Nxe4 Nf6 5. Nxf6+ exf6 6. c3 Bd6 7. Bd3 O-O 8.
Qc2 Re8+ 9. Ne2 h5 10. O-O h4 11. Nf4 Nd7 12. Qd1 Nf8 13. Qh5 Qc7 14. g3 g5 15.
Ng2 Qd7 16. Bxg5 fxg5 17. Qxg5+ Kh8 18. Rae1 Be7 19. Qh6+ Kg8 20. Nf4 Qg4 21.
Nh5 Be6 22. Re5 f5 23. Rxe6 Nxe6 24. Qxe6+ Kf8 25. Qh6+ 1-0

[Event "Superettan(Skara-Helsingborg)"]
[Site "?"]
[Date "2024.01.19"]
[Round "4"]
[White "Jacobson, Erik"]
[Black "Semcesen, Daniel"]
[Result "0-1"]
[WhiteElo "2187"]
[BlackElo "2459"]
[PlyCount "80"]
[EventDate "2024.??.??"]
[SourceVersionDate "2024.02.03"]

1. e4 e5 2. Nf3 Nc6 3. Bb5 a6 4. Ba4 Nf6 5. O-O Be7 6. Re1 b5 7. Bb3 d6 8. c3
O-O 9. h3 a5 10. a3 a4 11. Bc2 Bd7 12. d3 Re8 13. Nbd2 Bf8 14. Nf1 Na5 15. Bg5
c5 16. Ne3 h6 17. Bh4 Be7 18. d4 cxd4 19. cxd4 Nc6 20. Bg3 Qb8 21. Nd5 Nxd5 22.
exd5 Nxd4 23. Nxd4 exd4 24. Qd3 g6 25. Qxd4 Bf8 26. Bd3 Qc7 27. Rec1 Qd8 28.
Qb4 Qb6 29. Rc2 Rac8 30. Rac1 Rc5 31. Be4 Rxc2 32. Bxc2 Rc8 33. Qd2 Rc4 34. Rd1
Qc5 35. Bb1 Bg7 36. Qe2 Bf6 37. Be4 Kg7 38. Bf4 Bg5 39. Bxg5 hxg5 40. Rd2 Rxe4
0-1

[Event "Superettan(SS 4 Springare-Farsta)"]
[Site "?"]
[Date "2024.01.19"]
[Round "4"]
[White "Namini, Armin"]
[Black "Peng, Li Min"]
[Result "0-1"]
[WhiteElo "2168"]
[BlackElo "2575"]
[PlyCount "64"]
[SourceVersionDate "2024.02.03"]

1. c4 Nf6 2. Nc3 g6 3. e4 d6 4. d4 Bg7 5. h3 O-O 6. Nf3 Nc6 7. d5 Nb4 8. a3 Na6
9. Bd3 Nc5 10. Bc2 a5 11. O-O Nfd7 12. Bd2 a4 13. Rb1 Nb6 14. Qe2 Bd7 15. Rfe1
e5 16. dxe6 Bxe6 17. Nd5 c6 18. Bg5 f6 19. Nxb6 fxg5 20. Nxa8 g4 21. hxg4 Bxg4
22. Qe3 Bxf3 23. gxf3 Be5 24. Kf1 Qxa8 25. Kg2 Qd8 26. Rh1 Qf6 27. f4 Bxf4 28.
Qh3 Rf7 29. Qc8+ Kg7 30. Qh3 h5 31. e5 Qg5+ 32. Kf1 Bg3 0-1

[Event "Superettan(Skara-Helsingborg)"]
[Site "?"]
[Date "2024.01.19"]
[Round "4"]
[White "Sylvan, Jacob"]
[Black "Ronneland, Daniel"]
[Result "1-0"]
[WhiteElo "2321"]
[BlackElo "2234"]
[PlyCount "81"]
[SourceVersionDate "2024.02.03"]

1. d4 Nf6 2. c4 e6 3. Nf3 d5 4. g3 Be7 5. Bg2 O-O 6. O-O dxc4 7. Qc2 a6 8. a4
Bd7 9. Rd1 Bc6 10. Nc3 a5 11. e4 Na6 12. Ne5 Nb4 13. Qe2 Qe8 14. Qxc4 Rc8 15.
Bf4 Nd7 16. Nxc6 bxc6 17. Qe2 Nb6 18. Re1 c5 19. d5 c4 20. Nb5 Nd3 21. Bxc7 Bc5
22. Rf1 Qe7 23. d6 Qf6 24. Na7 Rce8 25. Nc6 e5 26. Nxa5 Qe6 27. Nb3 cxb3 28.
Qxd3 Bd4 29. Ra3 Nc4 30. Qxb3 Nxd6 31. Bb6 Bxb6 32. Qxb6 Nc4 33. Qxe6 Rxe6 34.
Ra2 Rb6 35. Rb1 Rfb8 36. a5 Rb4 37. a6 Nd2 38. Rd1 Nc4 39. a7 Ra8 40. Bf1 Nxb2
41. Rb1 1-0

[Event "Superettan(SS 4 Springare-Farsta)"]
[Site "?"]
[Date "2024.01.19"]
[Round "4"]
[White "Larkin, Vladyslav"]
[Black "Jaderberg, Bjorn"]
[Result "1/2-1/2"]
[WhiteElo "2484"]
[BlackElo "2175"]
[PlyCount "141"]
[SourceVersionDate "2024.02.03"]

1. d4 d6 2. e4 Nf6 3. Nc3 e5 4. Nge2 exd4 5. Nxd4 Be7 6. Be2 O-O 7. O-O Re8 8.
Re1 Bd7 9. Bf4 Nc6 10. Qd2 Bf8 11. Bf1 Ne5 12. h3 a6 13. Bg5 h6 14. Bh4 Be7 15.
Bg3 Nh5 16. Bh2 Ng6 17. Qd1 Nhf4 18. Nf5 Bf6 19. Qf3 Be5 20. g3 Ne6 21. Rad1
Bc6 22. Bg2 Qf6 23. Nd5 Bxd5 24. exd5 Ng5 25. Qd3 Bxb2 26. f4 Nh7 27. Re4 b5
28. Rde1 Rxe4 29. Rxe4 Nhf8 30. g4 Nd7 31. Qe2 Rf8 32. Bg3 Nc5 33. Re3 Bd4 34.
Nxd4 Qxd4 35. Qf2 Qc4 36. h4 f5 37. h5 Nh8 38. gxf5 Nd7 39. Bh4 Qd4 40. Kh2 Nf6
41. Bxf6 Qxf6 42. Bh3 Qd4 43. Qf3 Nf7 44. c3 Qf6 45. Re6 Qh4 46. Qg3 Qxg3+ 47.
Kxg3 Nd8 48. Re7 Rf7 49. Re8+ Rf8 50. Re7 Rf7 51. Re4 Kf8 52. Kf2 Nb7 53. f6
gxf6 54. Rb4 Nc5 55. Bf5 Re7 56. Rd4 Rg7 57. Rd1 Re7 58. Kf3 Na4 59. Rc1 Nb6
60. Be6 Rg7 61. Ke4 Ke7 62. Kf5 Rg3 63. Re1 a5 64. Bg8+ Kf8 65. Be6 Ke7 66.
Bg8+ Kf8 67. Be6 Ke7 68. Bc8+ Kf7 69. Be6+ Ke7 70. Bc8+ Kf7 71. Be6+ 1/2-1/2

[Event "Superettan(Skara-Helsingborg)"]
[Site "?"]
[Date "2024.01.19"]
[Round "4"]
[White "Kreken, Eivind Grunt"]
[Black "Rosell, Tomas"]
[Result "0-1"]
[WhiteElo "2229"]
[BlackElo "2156"]
[PlyCount "64"]
[SourceVersionDate "2024.02.03"]

1. e4 c5 2. Nf3 d6 3. d4 cxd4 4. Nxd4 Nf6 5. Nc3 g6 6. Be3 Bg7 7. f3 Nc6 8. Qd2
O-O 9. O-O-O Bd7 10. g4 Ne5 11. Kb1 b5 12. Ncxb5 Rb8 13. Nc3 Nxf3 14. Nxf3 Nxe4
15. Nd4 Nxd2+ 16. Rxd2 Bxg4 17. Bg2 e6 18. Rd3 Bf5 19. Nxf5 gxf5 20. b3 d5 21.
Ne2 Qa5 22. Rg1 Kh8 23. Bc1 Rfc8 24. Bf3 Rc6 25. Rg2 Ra6 26. a3 Qc5 27. Bh5 Rc8
28. Nf4 Rxa3 29. Bxa3 Qxa3 30. Rxg7 Kxg7 31. Rg3+ Kf8 32. Nd3 Rc6 0-1

[Event "Superettan(SS 4 Springare-Farsta)"]
[Site "?"]
[Date "2024.01.19"]
[Round "4"]
[White "Lindeman, Sven"]
[Black "Poley, Vladimir"]
[Result "1/2-1/2"]
[WhiteElo "2156"]
[BlackElo "2286"]
[PlyCount "118"]
[SourceVersionDate "2024.02.03"]

1. e4 c6 2. d4 Na6 3. Nc3 Nc7 4. Nf3 d5 5. h3 g6 6. Bf4 Ne6 7. Be5 f6 8. Bg3
Nh6 9. exd5 cxd5 10. a4 Bg7 11. Bb5+ Kf7 12. O-O Nf5 13. Bh2 h5 14. Bd3 Bh6 15.
Ne2 Qb6 16. c3 Bd7 17. a5 Qc6 18. c4 Ng5 19. Nxg5+ Bxg5 20. cxd5 Qxd5 21. b3
Kg7 22. Bc4 Qe4 23. Re1 Ne3 24. fxe3 Bxh3 25. Nf4 Bxf4 26. gxh3 Bxe3+ 27. Kf1
Rad8 28. d5 e6 29. Bg1 Qf4+ 30. Kg2 Bxg1 31. Rxg1 exd5 32. Bd3 Rde8 33. Qf3
Qxf3+ 34. Kxf3 g5 35. Ra4 Re7 36. Rd4 Rc8 37. Rxd5 Rc3 38. b4 Kf7 39. Kf2 Rec7
40. Ke3 Ke6 41. Rd4 Ra3 42. Re1 Kf7 43. Kf2 b6 44. axb6 axb6 45. Bc4+ Kg6 46.
Re6 Rxh3 47. Bd3+ Kg7 48. Rxb6 g4 49. Be4 Rb3 50. Rdd6 Rc4 51. Rb7+ Kh6 52.
Rxf6+ Kg5 53. Rf5+ Kh4 54. Bd5 Rb2+ 55. Ke3 Rbxb4 56. Rh7 Rc3+ 57. Kd2 Ra3 58.
Rhxh5+ Kg3 59. Kc2 Rf4 1/2-1/2

[Event "Superettan(Skara-Helsingborg)"]
[Site "?"]
[Date "2024.01.19"]
[Round "4"]
[White "Johansson, Thomas"]
[Black "Olsson, Simon"]
[Result "1-0"]
[WhiteElo "2166"]
[BlackElo "2068"]
[PlyCount "79"]
[SourceVersionDate "2024.02.03"]

1. e4 c6 2. d4 d5 3. exd5 cxd5 4. Bd3 Nc6 5. c3 Qc7 6. h3 g6 7. Nf3 Bf5 8. O-O
Nf6 9. Na3 Bxd3 10. Qxd3 Bg7 11. Re1 O-O 12. Nc2 a6 13. Ne3 e6 14. Ng4 Nxg4 15.
hxg4 b5 16. g3 b4 17. Bf4 Qa5 18. a3 bxc3 19. b4 Qb6 20. Be3 Rfc8 21. Rac1 Na7
22. Rxc3 Rxc3 23. Qxc3 Nb5 24. Qd3 Rc8 25. Kg2 Rc3 26. Qd2 Rxa3 27. Rc1 Nd6 28.
Rc5 Bf8 29. Bh6 Be7 30. Ne5 f6 31. Qc1 fxe5 32. Qxa3 exd4 33. Qa4 Kf7 34. Qd7
Qxb4 35. Rc7 Ne8 36. Rc6 Qe1 37. Bg5 Qe4+ 38. Kh2 Nf6 39. Bxf6 Kxf6 40. g5+ 1-0

[Event "Superettan(SS 4 Springare-Farsta)"]
[Site "?"]
[Date "2024.01.19"]
[Round "4"]
[White "Gajic, Mladen"]
[Black "Lagerborg, Krister"]
[Result "1-0"]
[WhiteElo "2297"]
[BlackElo "2106"]
[PlyCount "95"]
[SourceVersionDate "2024.02.03"]

1. d4 Nf6 2. Bg5 c6 3. Nc3 d6 4. e4 Nbd7 5. Nf3 e5 6. a4 Qa5 7. Qd2 Be7 8. Be2
O-O 9. O-O Re8 10. h3 Nf8 11. dxe5 dxe5 12. Nd5 Qxd2 13. Nxe7+ Rxe7 14. Nxd2
Be6 15. Rfd1 Rd7 16. Bxf6 gxf6 17. Nf1 Rad8 18. Ne3 Ng6 19. Kf1 Kf8 20. a5 Nf4
21. Ke1 Ke7 22. Rxd7+ Rxd7 23. c3 Kd8 24. h4 Ng6 25. g3 Ne7 26. Bg4 Bxg4 27.
Nxg4 Ng8 28. h5 Ke7 29. Ke2 Ke6 30. Ne3 Rd8 31. Nf5 Ne7 32. g4 Rg8 33. Ne3 Kd7
34. Rd1+ Kc7 35. Rf1 Kd7 36. f3 Rb8 37. Nc4 Nc8 38. Rd1+ Ke7 39. b4 b5 40. axb6
axb6 41. Ra1 b5 42. Ne3 Kd7 43. Nf5 Rb7 44. Nh6 Ke6 45. Ra8 Rc7 46. Ke3 Nd6 47.
Nf5 c5 48. Ra6 1-0

[Event "Superettan(Skara-Helsingborg)"]
[Site "?"]
[Date "2024.01.19"]
[Round "4"]
[White "Eklund, Lars-Goran"]
[Black "Rothman, Peter"]
[Result "1-0"]
[WhiteElo "2176"]
[BlackElo "2108"]
[PlyCount "87"]
[SourceVersionDate "2024.02.03"]

1. Nf3 d5 2. c4 c6 3. d4 Nf6 4. e3 e6 5. Nc3 Nbd7 6. Qc2 b6 7. Be2 Bb7 8. O-O
Be7 9. a3 O-O 10. b4 dxc4 11. Bxc4 c5 12. dxc5 bxc5 13. b5 a6 14. bxa6 Bxa6 15.
Bxa6 Rxa6 16. Rb1 Qa8 17. Rd1 Rc8 18. Nb5 h6 19. Bb2 Qc6 20. a4 Qa8 21. Ra1 Nb6
22. Rd3 c4 23. Rd4 Rxa4 24. Rc1 Qc6 25. Nc3 Ra5 26. Nd2 Nfd5 27. Rg4 Nb4 28.
Nd5 Rxd5 29. Rxg7+ Kf8 30. Qh7 Ke8 31. Rxf7 Rc7 32. Ne4 Rf5 33. Nf6+ Rxf6 34.
Bxf6 N6d5 35. Be5 Nd3 36. Bxc7 Nxc1 37. Be5 Nd3 38. Bc3 Qb7 39. g3 Qb1+ 40. Kg2
Ne1+ 41. Bxe1 Qxe1 42. e4 Qb4 43. exd5 exd5 44. Qg8+ 1-0

[Event "Superettan(SS 4 Springare-Farsta)"]
[Site "?"]
[Date "2024.01.19"]
[Round "4"]
[White "Wisdahl, Peter"]
[Black "Jakenberg, Jussi"]
[Result "0-1"]
[WhiteElo "1964"]
[BlackElo "2028"]
[PlyCount "96"]
[SourceVersionDate "2024.02.03"]

1. Nf3 d5 2. c4 e6 3. b3 Nf6 4. g3 Be7 5. Bg2 O-O 6. O-O c6 7. Bb2 b6 8. d4 Bb7
9. Nc3 Na6 10. Qb1 Rc8 11. e4 Nc7 12. cxd5 cxd5 13. e5 Nd7 14. Re1 Ba6 15. h4
h6 16. a4 Nb8 17. Ba3 Bxa3 18. Rxa3 Qe7 19. b4 Nc6 20. Rb3 Bc4 21. Rb2 b5 22.
Bf1 Rb8 23. a5 Na6 24. Bxc4 dxc4 25. d5 Ncxb4 26. d6 Qb7 27. Nd4 Nd3 28. Rxb5
Qa8 29. Re3 Nac5 30. Qa2 Rxb5 31. Ndxb5 Nd7 32. f4 Qc6 33. Re4 Rc8 34. Nc7 Rb8
35. Qxc4 N7c5 36. Re2 Qf3 37. Kh2 Rb4 38. Qa2 Nxf4 39. Rf2 Qxc3 40. gxf4 Ne4
41. Rg2 Rb3 42. d7 Qh3+ 43. Kg1 Rd3 44. Qe2 Rxd7 45. Ne8 Ng3 46. Qc2 Rd1+ 47.
Kf2 Rf1+ 48. Ke3 Nf5+ 0-1

[Event "Superettan(Skara-Helsingborg)"]
[Site "?"]
[Date "2024.01.19"]
[Round "4"]
[White "Hakansson, Stefan"]
[Black "Dahlstrom, Rickard"]
[Result "1-0"]
[WhiteElo "1998"]
[BlackElo "1955"]
[PlyCount "73"]
[SourceVersionDate "2024.02.03"]

1. d4 d5 2. Bf4 c6 3. c3 Nf6 4. Nd2 g6 5. e3 a6 6. Bd3 Bg7 7. h3 Bf5 8. Bxf5
gxf5 9. g4 Qd7 10. Be5 Rg8 11. f3 Qe6 12. Ne2 Nfd7 13. Bf4 fxg4 14. hxg4 Qg6
15. Qb1 Rh8 16. Rh5 h6 17. Bg3 Nf6 18. Rh4 Nbd7 19. Nf4 Qxb1+ 20. Rxb1 O-O-O
21. Nd3 Nh7 22. f4 Rde8 23. c4 e6 24. c5 Reg8 25. Kf2 Bf8 26. b4 Nhf6 27. Kf3
Be7 28. g5 Ne4 29. Nxe4 dxe4+ 30. Kxe4 hxg5 31. Rxh8 Rxh8 32. fxg5 Bxg5 33. Ne5
Rh7 34. Nc4 Be7 35. a4 Nf6+ 36. Kd3 Rh3 37. Rg1 1-0

[Event "Superettan(SS 4 Springare-Farsta)"]
[Site "?"]
[Date "2024.01.19"]
[Round "4"]
[White "Mattsson, Michael"]
[Black "Wieweg, Johnny"]
[Result "1/2-1/2"]
[WhiteElo "2043"]
[BlackElo "2077"]
[PlyCount "82"]
[SourceVersionDate "2024.02.03"]

1. e4 e5 2. Nf3 Nc6 3. c3 d5 4. Qa4 f6 5. Bb5 Qd6 6. exd5 Qxd5 7. d4 Bd7 8. O-O
e4 9. c4 Qf7 10. Re1 f5 11. d5 Nge7 12. Ng5 Qf6 13. dxc6 bxc6 14. Ba6 Ng6 15.
Bb7 Rd8 16. Qxa7 Bd6 17. Nc3 O-O 18. c5 Be5 19. Qa3 Kh8 20. Bd2 Rb8 21. Qa7 h6
22. Nh3 f4 23. Nxe4 Qh4 24. Nxf4 Nxf4 25. Ng3 Bxb2 26. Rab1 Bd4 27. Re4 Nh3+
28. Kf1 Qf6 29. f3 Be6 30. Rb4 Bc3 31. Nh5 Qg6 32. Bxc3 Qxh5 33. Rxe6 Rxf3+ 34.
Ke1 Rd8 35. gxf3 Qxf3 36. Bd4 Rxd4 37. Rxd4 Qf2+ 38. Kd1 Qxd4+ 39. Ke1 Qf2+ 40.
Kd1 Qd4+ 41. Ke1 Qf2+ 1/2-1/2

[Event "Superettan(Skara-Helsingborg)"]
[Site "?"]
[Date "2024.01.19"]
[Round "4"]
[White "Danielsson, Fredrik"]
[Black "Nilsson Hask, Patrik"]
[Result "1/2-1/2"]
[WhiteElo "2109"]
[BlackElo "2078"]
[PlyCount "54"]
[EventDate "2024.??.??"]
[SourceVersionDate "2024.02.03"]

1. e4 e6 2. d4 d5 3. exd5 exd5 4. Nf3 Nf6 5. Bd3 Bd6 6. Qe2+ Be6 7. Ng5 Qe7 8.
Nxe6 fxe6 9. c3 e5 10. dxe5 Qxe5 11. Qxe5+ Bxe5 12. Nd2 O-O 13. Nf3 Bd6 14. O-O
Re8 15. Bg5 Nbd7 16. Rfe1 Nc5 17. Bc2 Nce4 18. Bh4 h6 19. Bxf6 Nxf6 20. Bg6
Rxe1+ 21. Rxe1 c5 22. a3 Rd8 23. Rd1 Bc7 24. Re1 Bd6 25. Rd1 Bc7 26. Re1 Bd6
27. Rd1 Bc7 1/2-1/2

[Event "Superettan(Burgsvik-Lulea)"]
[Site "?"]
[Date "2024.01.19"]
[Round "4"]
[White "Martirosyan, Haik M"]
[Black "Haitin, Ilja"]
[Result "1-0"]
[WhiteElo "2678"]
[BlackElo "2284"]
[PlyCount "125"]
[SourceVersionDate "2024.02.02"]

1. d4 d5 2. c4 dxc4 3. Nf3 Nf6 4. e3 Bg4 5. Bxc4 e6 6. Nc3 Nbd7 7. h3 Bh5 8.
O-O Bb4 9. Be2 O-O 10. a3 Bxc3 11. bxc3 c5 12. Bb2 Qb6 13. Ra2 Rac8 14. a4 Rfd8
15. a5 Qc7 16. a6 bxa6 17. Bxa6 Rb8 18. Be2 e5 19. Nd2 Bxe2 20. Qxe2 Rb7 21.
Rd1 Rc8 22. e4 cxd4 23. cxd4 exd4 24. Bxd4 Re8 25. f3 Ne5 26. Nf1 Nh5 27. Be3
Ng6 28. Qf2 Nhf4 29. Rxa7 Rxa7 30. Bxa7 h5 31. Bb6 Qb8 32. Be3 h4 33. Bxf4 Qxf4
34. Ne3 Rb8 35. Nf5 Kh7 36. Qd4 Rg8 37. Kh1 Qg5 38. Rf1 Nf4 39. Qf2 Ng6 40. f4
Qf6 41. Ne3 Re8 42. Nd5 Qd8 43. f5 Ne5 44. f6 g5 45. Qe3 Ng6 46. Ne7 Nf4 47.
Qc5 Ne2 48. Ra1 Ng3+ 49. Kh2 Qb8 50. e5 Qb2 51. Rd1 Ra8 52. Qd5 Qa2 53. Qf3 Ra4
54. Qd3+ Ne4 55. Rf1 Qd2 56. Qb3 Qa2 57. Qf3 Ng3 58. Qd3+ Ne4 59. Kg1 Qb2 60.
Qd8 Qd4+ 61. Qxd4 Rxd4 62. e6 Rd8 63. Nc6 1-0

[Event "Superettan(Rockaden,SthlmII-Kristallen)"]
[Site "?"]
[Date "2024.01.19"]
[Round "4"]
[White "Lindh, Fredrik"]
[Black "Crevatin, Leo"]
[Result "1/2-1/2"]
[WhiteElo "2251"]
[BlackElo "2305"]
[PlyCount "86"]
[SourceVersionDate "2024.02.03"]

1. e4 c6 2. d4 d5 3. e5 Bf5 4. Nd2 e6 5. Nb3 a6 6. Nf3 c5 7. dxc5 Bxc5 8. Nxc5
Qa5+ 9. c3 Qxc5 10. Nd4 Ne7 11. Qa4+ Nbc6 12. Be3 Qa5 13. Qxa5 Nxa5 14. Nxf5
Nxf5 15. Bb6 Nc4 16. Bxc4 dxc4 17. O-O-O Ne7 18. b3 Nd5 19. Ba5 Rc8 20. Kb2 Rc5
21. bxc4 Rxc4 22. Kb3 b5 23. Bb4 Rf4 24. f3 Kd7 25. Rd3 Rc8 26. Rhd1 Rh4 27. h3
Ra8 28. Rd4 Rxd4 29. Rxd4 a5 30. Bd6 Rc8 31. Rd3 Rc4 32. g3 h5 33. h4 f5 34.
Bf8 g6 35. Bh6 Rc6 36. Bg5 Ra6 37. Rd4 Kc7 38. a3 Ra8 39. Rd1 Kd7 40. Rd2 Kc6
41. Rd3 Kc7 42. Rd1 Kc6 43. Rd3 Kc7 1/2-1/2

[Event "Superettan(Schack 08-Upsala)"]
[Site "?"]
[Date "2024.01.19"]
[Round "4"]
[White "Johansson, Jan"]
[Black "Karlsson, Tomas"]
[Result "1-0"]
[WhiteElo "2279"]
[BlackElo "2278"]
[PlyCount "81"]
[SourceVersionDate "2024.02.13"]

1. d4 d5 2. Nf3 e6 3. Bf4 Bd6 4. Bg3 Nf6 5. e3 b6 6. Nbd2 Bb7 7. Ne5 Ne4 8.
Bb5+ c6 9. Nxe4 dxe4 10. Bc4 Qe7 11. O-O O-O 12. f4 f6 13. Qg4 f5 14. Qh3 b5
15. Bb3 c5 16. Bh4 Qe8 17. dxc5 Bxc5 18. Rad1 Bb6 19. Rd6 Bc8 20. Rfd1 Qh5 21.
Be7 Qxh3 22. gxh3 Na6 23. Bxf8 Kxf8 24. Kf2 Nc5 25. h4 Ke7 26. Nc6+ Kf6 27. Nd4
Ke7 28. Nxb5 Bd7 29. Nc3 Nd3+ 30. cxd3 Kxd6 31. dxe4+ Ke7 32. exf5 exf5 33.
Nd5+ Ke8 34. h5 Rd8 35. Rg1 Kf8 36. h6 g6 37. Nf6 Ke7 38. Nxh7 Rh8 39. Rxg6 Be8
40. Re6+ Kd8 41. Ng5 1-0